[Event "Quart de Poblet op 7th"]
[Site "Quart de Poblet"]
[Date "2019.08.09"]
[Round "7"]
[White "Sanchez Sabater, Manuel Jose"]
[Black "Gonzalez Aguirre, Luis"]
[Result "0-1"]
[WhiteElo "1498"]
[BlackElo "2112"]
[PlyCount "54"]
[EventDate "2019.08.05"]
[EventType "swiss"]
[EventRounds "9"]
[EventCountry "ESP"]
[SourceTitle "CBM 191 Extra"]
[Source "ChessBase"]
[SourceDate "2019.09.30"]
[SourceVersion "1"]
[SourceVersionDate "2019.09.30"]
[SourceQuality "1"]

1. e4 c6 2. d4 d5 3. e5 c5 4. dxc5 Nc6 5. a3 Nxe5 6. b4 e6 7. Bb2 Nc6 8. Nf3 Nf6 9. Bd3 Be7 10. 0-0 0-0 11. Nc3 e5 12. Bb5 e4 13. Nd4 Qc7 14. Be2 Rd8 15. Ncb5 Qf4 16. Nxc6 bxc6 17. Nd4 Bd7 18. Bc1 Qc7 19. a4 Qc8 20. Ra3 a5 21. Rg3 axb4 22. Bh6 g6 23. Bg5 Rxa4 24. c3 Qa8 25. Bxf6 Bxf6 26. Bg4 bxc3 27. Bxd7 Rxd4 0-1

[Event "Quart de Poblet op 4th"]
[Site "Quart de Poblet"]
[Date "2016.09.03"]
[Round "4"]
[White "Sanchez Sabater, Manuel Jose"]
[Black "Orosa Martinez, Victor"]
[Result "0-1"]
[WhiteElo "1488"]
[BlackElo "2047"]
[PlyCount "46"]
[EventDate "2016.09.01"]
[EventType "swiss"]
[EventRounds "7"]
[EventCountry "ESP"]
[SourceTitle "EXT 2024"]
[Source "ChessBase"]
[SourceDate "2023.10.10"]
[SourceVersion "1"]
[SourceVersionDate "2023.10.10"]
[SourceQuality "1"]

1. e4 e5 2. Nf3 Nc6 3. d4 exd4 4. Nxd4 g6 5. Nxc6 bxc6 6. Bc4 Bg7 7. 0-0 Ne7 8. Nc3 0-0 9. Be3 d6 10. Bd4 c5 11. Bxg7 Kxg7 12. Qd2 Rb8 13. Nd5 Nxd5 14. Bxd5 Qf6 15. b3 Ba6 16. Rfe1 Rfe8 17. Rad1 Re5 18. Re3 Qf4 19. Rf3 Qxd2 20. Rxf7+ Kg8 21. Rxd2 Rxd5 22. Rxd5 Kxf7 23. f4 Bb7 0-1

[Event "Valencia Region-ch Segunda"]
[Site "Valencia"]
[Date "2015.11.07"]
[Round "5.3"]
[White "Sanchez Sabater, Manuel Jose"]
[Black "Guardiola Guillot, Lucas"]
[Result "0-1"]
[WhiteElo "1416"]
[BlackElo "1556"]
[PlyCount "58"]
[EventDate "2015.10.03"]
[EventType "swiss"]
[EventRounds "7"]
[EventCountry "ESP"]
[SourceTitle "EXT 2024"]
[Source "ChessBase"]
[SourceDate "2023.10.10"]
[SourceVersion "1"]
[SourceVersionDate "2023.10.10"]
[SourceQuality "1"]

1. e4 e5 2. Nf3 Nc6 3. Bc4 Bc5 4. 0-0 Nf6 5. d3 0-0 6. c3 d5 7. exd5 Nxd5 8. h3 Bf5 9. Re1 Re8 10. d4 Nb6 11. dxc5 Nxc4 12. b3 N4a5 13. Nbd2 e4 14. Nh2 Ne5 15. Nhf1 Nd3 16. Re3 Qf6 17. Ng3 Qxc3 18. Ba3 Qf6 19. Ndxe4 Bxe4 20. f3 Qd4 21. Nf1 Bg6 22. Rb1 Rxe3 23. Nxe3 Qxe3+ 24. Kh2 Nf2 25. Qf1 Bxb1 26. Qxb1 Rd8 27. Qf5 Nc6 28. Bb2 Nd3 29. Ba1 Qf4+ 0-1